000 00399nab a22001097u 4500
008 130520b2004 xxu||||| |||| 00| 0 spa d
041 _aspa
100 1 _aBeal, John
_972843
245 0 0 _aTan inertes como un barco pintado sobre un óceano pintado. Un pueblo a la derivaen la calma chicha eclesiológica
_cJohn Beal
773 0 _tConcilium
_gnº306,2004,págs. 111-124
_x0210-1041
_wRev134
942 _cAR
999 _c370064
_d370064